[Event "Open Vitrolles 2021/2022"]
[Site "Vitrolles"]
[Date "2021.02.10"]
[Round "1.1"]
[White "Mars, Florence"]
[Black "Corrias, Robert"]
[Result "0-1"]
[WhiteElo "1220"]
[BlackElo "1492"]
[PlyCount "94"]

1. e4 d5 2. exd5 Nf6 3. Nf3 Nxd5 4. d4 Bf5 5. Bb5+ c6 6. Bd3 Bxd3 7. Qxd3 Nd7
8. c3 Qc7 9. O-O O-O-O 10. Na3 f6 11. Qc2 g5 12. Nc4 Kb8 13. Re1 h5 14. Bd2 h4
15. Kh1 g4 16. Ng1 g3 17. Nh3 Bh6 18. Ne3 Bxe3 19. Bxe3 N7b6 20. b3 f5 21. Qd2
Nxe3 22. fxe3 e5 23. Ng5 Qe7 24. Nf3 e4 25. Ne5 Rdg8 26. h3 Nd7 27. Nxd7+ Qxd7
28. a4 Rd8 29. Rad1 Rh6 30. Qc2 Rd6 31. Rd2 c5 32. Red1 cxd4 33. Rxd4 Rxd4 34.
Rxd4 Qe7 35. b4 Rd6 36. Qd2 Kc7 37. Kg1 Rxd4 38. Qxd4 Qd6 39. Kf1 Qxd4 40. cxd4
Kd6 41. Ke2 Kd5 42. Kd2 Kc4 43. Ke2 Kxb4 44. Kd2 Kc4 45. Kc2 b6 46. Kd2 a6 47.
Kc2 b5 0-1

[Event "Open Vitrolles 2021/2022"]
[Site "Vitrolles"]
[Date "2021.02.10"]
[Round "1.3"]
[White "Alvarez, Frederic"]
[Black "Briquet, Xavier"]
[Result "0-1"]
[WhiteElo "1199"]
[BlackElo "1450"]
[PlyCount "48"]

1. d4 d5 2. Nf3 Nf6 3. c4 e6 4. Bg5 Be7 5. Nc3 c5 6. dxc5 h6 7. Bxf6 Bxf6 8.
cxd5 exd5 9. Qxd5 Bxc3+ 10. bxc3 Qxd5 11. e3 Qxc5 12. Rc1 Nc6 13. Be2 Be6 14.
O-O Bxa2 15. Rfd1 O-O 16. Rd2 Bc4 17. Bd1 Rad8 18. Rb2 Rd7 19. Ba4 b5 20. Bc2
Rfd8 21. Nd4 Nxd4 22. cxd4 Qg5 23. f4 Qe7 24. Kf2 Re8 0-1

[Event "Open Vitrolles 2021/2022"]
[Site "Vitrolles"]
[Date "2021.02.10"]
[Round "1.4"]
[White "Boghossian, Lucie"]
[Black "Cortes-Sobral, Maria"]
[Result "1-0"]
[WhiteElo "1420"]
[BlackElo "1199"]
[PlyCount "61"]

1. e4 e6 2. d3 Nf6 3. Nc3 Be7 4. g3 O-O 5. Bg2 c6 6. Nge2 e5 7. O-O d6 8. h3
Nbd7 9. f4 h6 10. f5 Qb6+ 11. Kh2 Qd4 12. Nxd4 exd4 13. Ne2 c5 14. g4 Ne5 15.
Ng3 Bd7 16. g5 Nh7 17. gxh6 g6 18. Bf4 g5 19. Bxe5 dxe5 20. Nh5 Be8 21. f6 Bd8
22. h4 Bd7 23. Qe1 Bg4 24. Bf3 Bxh5 25. Bxh5 Nxf6 26. Be2 g4 27. Qg3 Bc7 28.
Bxg4 Kh7 29. Rxf6 b6 30. Bf5+ Kh8 31. Qg7# 1-0

[Event "Open Vitrolles 2021/2022"]
[Site "Vitrolles"]
[Date "2021.02.10"]
[Round "1.6"]
[White "Lovato, Enzo"]
[Black "Benoit-Lizon, Alain"]
[Result "0-1"]
[WhiteElo "1199"]
[BlackElo "1366"]
[PlyCount "64"]

1. e4 d6 2. Nc3 e5 3. Nf3 Nf6 4. Bc4 c6 5. d4 exd4 6. Nxd4 d5 7. exd5 cxd5 8.
Bb5+ Bd7 9. Bxd7+ Qxd7 10. O-O Be7 11. Be3 O-O 12. h3 Nc6 13. Nxc6 bxc6 14. Ne2
Rfe8 15. Qd3 Bd6 16. Nf4 Qc7 17. g3 h5 18. h4 Re4 19. f3 Rxf4 20. gxf4 Bxf4 21.
Bxf4 Qxf4 22. Qa6 Qg3+ 23. Kh1 Qxh4+ 24. Kg1 Qg3+ 25. Kh1 Re8 26. Qxc6 Re2 27.
Qc8+ Kh7 28. Qf5+ Kh6 29. Qg5+ Kxg5 30. f4+ Kh4 31. Rf2 Rxf2 32. Rg1 Qh2# 0-1

[Event "Open Vitrolles 2021/2022"]
[Site "Vitrolles"]
[Date "2021.02.10"]
[Round "1.7"]
[White "Bouriel, Michel"]
[Black "Schoeni, Christine"]
[Result "1-0"]
[WhiteElo "1338"]
[BlackElo "1199"]
[PlyCount "79"]

1. c4 c5 2. Nc3 e6 3. Nf3 Nc6 4. g3 Nf6 5. Bg2 d6 6. O-O Be7 7. d3 O-O 8. a3
Bd7 9. Rb1 Ng4 10. b4 Rb8 11. bxc5 dxc5 12. Bf4 e5 13. Bd2 b6 14. Nd5 Bd6 15.
Bg5 f6 16. Bc1 f5 17. h3 Nf6 18. Bg5 Be7 19. Nxe7+ Qxe7 20. Nh4 h6 21. Ng6 Qf7
22. Nxf8 hxg5 23. Nxd7 Qxd7 24. Qd2 Nh7 25. Qe3 Re8 26. Bd5+ Kh8 27. Qf3 g6 28.
Bxc6 e4 29. Bxd7 exf3 30. Bxe8 Kg7 31. exf3 Nf6 32. Rfe1 Kf8 33. Bxg6 Kg7 34.
Bxf5 Kf8 35. Re5 Kg7 36. Rbe1 a6 37. Bc8 a5 38. Rxg5+ Kh6 39. f4 Nh7 40. Re6+
1-0

[Event "Open Vitrolles 2021/2022"]
[Site "Vitrolles"]
[Date "2021.02.10"]
[Round "1.8"]
[White "De Moura Navalho, Joao-Curtis"]
[Black "Guyard, Gerard"]
[Result "0-1"]
[WhiteElo "1174"]
[BlackElo "1312"]
[PlyCount "130"]

1. c4 e5 2. Nc3 Nf6 3. g3 Bc5 4. Bg2 O-O 5. e3 d6 6. Nge2 Nc6 7. O-O Bg4 8. a4
a6 9. Rb1 Nb4 10. Bxb7 Rb8 11. Bg2 Nd3 12. Ne4 Nxc1 13. Rxc1 Rxb2 14. f3 Be6
15. Ng5 Bd7 16. Rb1 Qb8 17. a5 Qb4 18. Rxb2 Qxb2 19. Ne4 Nxe4 20. fxe4 Bb4 21.
d4 Bg4 22. Rf2 Qd2 23. Qxd2 Bxd2 24. h3 Be6 25. d5 Bxe3 26. dxe6 fxe6 27. Nf4
exf4 28. Kf1 Bxf2 29. Kxf2 fxg3+ 30. Kxg3 Rb8 31. Bf1 Rb3+ 32. Kf4 Ra3 33. c5
dxc5 34. Bxa6 Rxa5 35. Bc4 Ra4 36. Bxe6+ Kf8 37. Bf5 c4 38. e5 c3+ 39. Ke3 Ra3
40. Bc2 Ke7 41. Kd4 Ke6 42. Ke4 c5 43. h4 Ra1 44. Bb3+ Ke7 45. Kd5 Ra2 46. Kxc5
c2 47. Bxc2 Rxc2+ 48. Kd5 Rh2 49. Ke4 Rxh4+ 50. Kf5 g6+ 51. Kg5 Rh5+ 52. Kf4
Ke6 53. Kg4 Rh1 54. Kg3 Kxe5 55. Kg4 h5+ 56. Kf3 h4 57. Kg2 Ra1 58. Kh2 g5 59.
Kh3 Kf4 60. Kh2 g4 61. Kg2 Ra2+ 62. Kf1 h3 63. Kg1 Kf3 64. Kh1 g3 65. Kg1 Ra1#
0-1

[Event "Open Vitrolles 2021/2022"]
[Site "Vitrolles"]
[Date "2021.02.10"]
[Round "1.9"]
[White "Biard, Noah"]
[Black "Rannou, Danielle"]
[Result "1-0"]
[WhiteElo "1231"]
[BlackElo "1159"]
[PlyCount "39"]

1. e4 e5 2. Nc3 Nf6 3. f4 exf4 4. e5 Qe7 5. Qe2 Ng8 6. Nf3 f6 7. Nd5 Qc5 8.
exf6+ Kd8 9. f7 Ne7 10. Nxe7 Bxe7 11. d4 Qf5 12. Qc4 Bd6 13. Bd3 Qf6 14. O-O h6
15. Ne5 g5 16. Ng6 Rh7 17. f8=Q+ Bxf8 18. Nxf8 Rg7 19. Nh7 d6 20. Nxf6 1-0

[Event "Open Vitrolles 2021/2022"]
[Site "Vitrolles"]
[Date "2021.02.10"]
[Round "1.10"]
[White "Piquemal, Jean Christophe"]
[Black "Porte, Jacques"]
[Result "0-1"]
[WhiteElo "1139"]
[BlackElo "1228"]
[PlyCount "100"]

1. d4 d5 2. c4 Nf6 3. Nc3 e6 4. Bg5 Be7 5. Nf3 O-O 6. e3 c6 7. Be2 Nbd7 8. O-O
Re8 9. Rc1 h6 10. Bh4 Qc7 11. cxd5 exd5 12. Bg3 Qd8 13. a3 Nh5 14. Ne5 Nxg3 15.
fxg3 Nxe5 16. dxe5 Bg5 17. Qd4 Qe7 18. h4 c5 19. Nxd5 cxd4 20. Nxe7+ Bxe7 21.
exd4 Be6 22. b4 Rac8 23. Bf3 Rxc1 24. Rxc1 Rc8 25. Rxc8+ Bxc8 26. Kf2 b6 27. d5
b5 28. d6 Bd8 29. Ke3 Bb6+ 30. Kf4 Kf8 31. Bc6 Ba6 32. g4 Bd4 33. a4 bxa4 34.
Bxa4 Bc4 35. g3 Bc3 36. b5 Be1 37. h5 Be6 38. Bc2 Bd2+ 39. Kf3 Bd5+ 40. Be4 Bc4
41. Bc6 Bc3 42. Kf4 Be2 43. Bd7 Bc4 44. Kf5 Bd4 45. Bc6 Bf2 46. Kf4 Be1 47. Bd7
Bc3 48. Kf5 Be1 49. Kf4 Bd2+ 50. Kf5 Bd3# 0-1

[Event "Open Vitrolles 2021/2022"]
[Site "Vitrolles"]
[Date "2021.11.27"]
[Round "2.1"]
[White "Corrias, Robert"]
[Black "Bouriel, Michel"]
[Result "1-0"]
[WhiteElo "1492"]
[BlackElo "1338"]
[PlyCount "75"]

1. e4 c5 2. Bc4 d6 3. Nc3 Nf6 4. Nf3 g6 5. d3 Bg7 6. Be3 O-O 7. Qd2 Nc6 8. h3
a6 9. a4 Nb4 10. O-O b6 11. Ne2 Bb7 12. c3 Nc6 13. Nf4 Na5 14. Ba2 Rc8 15. b4
cxb4 16. cxb4 Nc6 17. Rac1 Qd7 18. Bxb6 e6 19. Be3 Rb8 20. b5 axb5 21. axb5 Ne7
22. b6 Nc8 23. Rc7 Qe8 24. Rfc1 Nd7 25. Qb4 Bf6 26. Bb3 Bd8 27. Ba4 Bxc7 28.
bxc7 Ra8 29. Bxd7 Qxd7 30. Qxb7 Ra5 31. Rb1 g5 32. Nh5 f6 33. g4 d5 34. e5 f5
35. Nf6+ Rxf6 36. exf6 fxg4 37. Ne5 Ra7 38. Bxa7 1-0

[Event "Open Vitrolles 2021/2022"]
[Site "Vitrolles"]
[Date "2021.11.27"]
[Round "2.2"]
[White "Benoit-Lizon, Alain"]
[Black "Tiran, Baptiste"]
[Result "0-1"]
[WhiteElo "1366"]
[BlackElo "1453"]
[PlyCount "96"]

1. e4 e6 2. d4 d5 3. Nc3 Nf6 4. e5 Nfd7 5. f4 c5 6. Nf3 Nc6 7. Be3 Qb6 8. Na4
Qa5+ 9. c3 cxd4 10. Nxd4 Nxd4 11. Bxd4 b5 12. b4 Qxa4 13. Qd3 Nb6 14. Be2 Nc4
15. O-O Be7 16. Bd1 Qa6 17. Bb3 Qc6 18. a4 a6 19. a5 Bd7 20. Rf3 O-O-O 21. Raf1
g6 22. g4 Rhg8 23. g5 Rdf8 24. R1f2 Kb7 25. Rh3 Rg7 26. Rh6 Bd8 27. Qh3 Rh8 28.
Qd3 Bc7 29. Qh3 Bb8 30. Qd3 Ba7 31. Bxa7 Kxa7 32. Qd4+ Kb7 33. Kg2 Rc8 34. Rc2
Qc7 35. Kf2 Nxa5 36. bxa5 Qxa5 37. Kf3 Qa3 38. Ba2 b4 39. Bb1 b3 40. Rc1 Qxc1
41. Qb4+ Bb5 42. c4 Qxb1 43. cxb5 Qd3+ 44. Kg4 Qe2+ 45. Kg3 Qxb5 46. Qe7+ Rc7
47. Qf6 Qd3+ 48. Kg4 Qf5+ 0-1

[Event "Open Vitrolles 2021/2022"]
[Site "Vitrolles"]
[Date "2021.11.27"]
[Round "2.3"]
[White "Briquet, Xavier"]
[Black "Guyard, Gerard"]
[Result "1-0"]
[WhiteElo "1450"]
[BlackElo "1312"]
[PlyCount "91"]

1. e4 g6 2. d4 Bg7 3. Nf3 c5 4. Nc3 cxd4 5. Nxd4 Nf6 6. Bc4 O-O 7. e5 Ne8 8. f4
e6 9. Be3 Nc6 10. Nf3 a6 11. a3 b5 12. Bd3 b4 13. Ne4 d5 14. Ng3 d4 15. Bf2 Bb7
16. Be4 Qc7 17. O-O Rd8 18. Nxd4 Nxd4 19. Bxd4 f5 20. Bxb7 Qxb7 21. c3 a5 22.
Qb3 Kh8 23. Qxe6 Nc7 24. Qb3 Rd5 25. axb4 Ne6 26. Bf2 Rfd8 27. Ne2 Nc5 28. Bxc5
Rxc5 29. Nd4 Rcd5 30. Rxa5 Rxa5 31. bxa5 Qa7 32. Kh1 Rb8 33. Qd5 Qa6 34. c4 Bh6
35. b3 Qc8 36. Nb5 Bf8 37. Nd6 Bxd6 38. exd6 Qd7 39. Rb1 Re8 40. c5 Qb5 41. d7
Rd8 42. Re1 Kg7 43. Re7+ Kh6 44. Qf3 g5 45. Qh3+ Kg6 46. Qxh7+ 1-0

[Event "Open Vitrolles 2021/2022"]
[Site "Vitrolles"]
[Date "2021.11.27"]
[Round "2.4"]
[White "Porte, Jacques"]
[Black "Boghossian, Lucie"]
[Result "0-1"]
[WhiteElo "1228"]
[BlackElo "1420"]
[PlyCount "66"]

1. c4 e5 2. g3 Nc6 3. Bg2 Bc5 4. Nc3 f5 5. d3 Nf6 6. e4 d6 7. Nge2 O-O 8. O-O
f4 9. gxf4 Ng4 10. f5 Qh4 11. h3 Nxf2 12. Rxf2 Bxf2+ 13. Kh2 Bxf5 14. Ng1 Bg6
15. Qg4 Bh5 16. Qxh4 Bxh4 17. Be3 Bf2 18. Nd5 Bxe3 19. Nxe3 Rf2 20. b3 Nd4 21.
Kg3 Raf8 22. Rf1 Rxa2 23. Rxf8+ Kxf8 24. Kh4 Be2 25. Bf1 Bxf1 26. Nxf1 Rb2 27.
b4 Rxb4 28. Nd2 Rb2 29. Ndf3 Rf2 30. Kg3 Rf1 31. Kg2 Rd1 32. Kf2 Rxd3 33. Nxd4
Rxd4 0-1

[Event "Open Vitrolles 2021/2022"]
[Site "Vitrolles"]
[Date "2021.11.27"]
[Round "2.5"]
[White "Chauvet, Joelle"]
[Black "Biard, Noah"]
[Result "1-0"]
[WhiteElo "1382"]
[BlackElo "1231"]
[PlyCount "79"]

1. d4 Nf6 2. Nf3 c5 3. e3 d5 4. c4 Bg4 5. Be2 Bxf3 6. Bxf3 e6 7. O-O Nc6 8. Nc3
Be7 9. Qb3 b6 10. cxd5 exd5 11. Nxd5 Rc8 12. Nxf6+ Bxf6 13. d5 Ne5 14. Be2 O-O
15. e4 Re8 16. f4 c4 17. Qc2 Nd3 18. Bxd3 Bd4+ 19. Kh1 cxd3 20. Qxd3 Bc5 21.
Bd2 Rc6 22. Bc3 Rce6 23. Rae1 f6 24. Qc4 Rd6 25. b4 b5 26. Qxc5 a6 27. Rf3 Qd7
28. h3 Rc8 29. Qf2 Qf7 30. Bd4 Rc4 31. Bc5 Rd7 32. d6 Qe6 33. e5 f5 34. Qh4 Rc2
35. a3 Qa2 36. Rf2 Rxf2 37. Qxf2 Qxa3 38. e6 Qc3 39. exd7 Qf6 40. Qa2+ 1-0

[Event "Open Vitrolles 2021/2022"]
[Site "Vitrolles"]
[Date "2021.11.27"]
[Round "2.6"]
[White "Cens, Alain"]
[Black "Frailinu, Jean-Bernard"]
[Result "1/2-1/2"]
[WhiteElo "1403"]
[BlackElo "1398"]
[PlyCount "67"]

1. c4 e5 2. Nc3 Nc6 3. g3 Nf6 4. Bg2 Bb4 5. d3 O-O 6. Bd2 a6 7. Nf3 d6 8. O-O
h6 9. a3 Bc5 10. b4 Ba7 11. h3 Nd4 12. Kh2 c6 13. a4 Qe8 14. Rb1 Rb8 15. e3 Ne6
16. b5 Qd8 17. bxa6 bxa6 18. Rxb8 Bxb8 19. Qb3 Qc7 20. Rb1 Ba7 21. Qc2 Bd7 22.
Ng1 Rb8 23. Nge2 Rxb1 24. Nxb1 c5 25. Nbc3 Bc6 26. Bxc6 Qxc6 27. e4 Nd7 28. Nd5
Kf8 29. Kg2 Nd4 30. Nxd4 cxd4 31. Bb4 Nc5 32. Bxc5 Bxc5 33. Qb3 Qc8 34. h4
1/2-1/2

[Event "Open Vitrolles 2021/2022"]
[Site "Vitrolles"]
[Date "2021.11.27"]
[Round "2.7"]
[White "Leonti, Denis"]
[Black "Schoeni, Christine"]
[Result "1-0"]
[WhiteElo "1218"]
[BlackElo "1199"]
[PlyCount "75"]

1. e4 e5 2. Nf3 d6 3. Bc4 Nh6 4. d4 Bg4 5. dxe5 dxe5 6. Qxd8+ Kxd8 7. Nxe5 Be6
8. Bxe6 fxe6 9. Bxh6 gxh6 10. Nf7+ Kc8 11. Nxh8 h5 12. Nf7 Bg7 13. Nc3 a6 14.
Rd1 b6 15. O-O Kb7 16. Ng5 e5 17. Nxh7 Nc6 18. Rd7 Bh6 19. Nd5 Rc8 20. Nhf6 Kb8
21. Nxh5 Bf8 22. f4 Bc5+ 23. Kh1 Bd6 24. f5 Nd4 25. f6 Nxc2 26. f7 Kb7 27. h3
Nd4 28. Rxd6 cxd6 29. f8=Q Rxf8 30. Rxf8 Kc6 31. Nhf6 Ne6 32. Rc8+ Kb5 33. Nc3+
Ka5 34. Nfd5 Nc5 35. a3 Nb3 36. Rc6 b5 37. Nc7 Nd4 38. Rxa6# 1-0

[Event "Open Vitrolles 2021/2022"]
[Site "Vitrolles"]
[Date "2021.11.27"]
[Round "2.8"]
[White "De Moura Navalho, Joao-Curtis"]
[Black "Alvarez, Frederic"]
[Result "1-0"]
[WhiteElo "1174"]
[BlackElo "1199"]
[PlyCount "61"]

1. e4 c5 2. Bc4 Nc6 3. Qh5 e6 4. d3 Nf6 5. Qd1 Be7 6. Nc3 a6 7. a4 O-O 8. Nf3
h6 9. Bf4 d6 10. O-O e5 11. Bg3 Bg4 12. h3 Be6 13. Nd5 Bxd5 14. exd5 Nd4 15. c3
Nxf3+ 16. Qxf3 Qd7 17. Rfe1 b5 18. Bb3 Rfc8 19. Qe2 Qb7 20. f4 Nxd5 21. fxe5
Qc6 22. axb5 axb5 23. Rxa8 Rxa8 24. Qe4 c4 25. dxc4 bxc4 26. Bxc4 Qb6+ 27. Bf2
Qxb2 28. Qxd5 Rf8 29. exd6 Bf6 30. Bd4 Bh4 31. Rf1 1-0

[Event "Open Vitrolles 2021/2022"]
[Site "Vitrolles"]
[Date "2021.11.27"]
[Round "2.9"]
[White "Cortes-Sobral, Maria"]
[Black "Piquemal, Jean Christophe"]
[Result "0-1"]
[WhiteElo "1199"]
[BlackElo "1139"]
[PlyCount "122"]

1. d3 d5 2. Bd2 Nf6 3. e3 Nc6 4. Nc3 e5 5. Be2 Bd6 6. a3 O-O 7. Nf3 d4 8. exd4
exd4 9. Ne4 Be7 10. c3 Bf5 11. c4 Bxe4 12. dxe4 Nxe4 13. O-O Re8 14. Bd3 Bf6
15. Bf4 Na5 16. b4 Nc6 17. Rb1 Nc3 18. Qc2 Nxb1 19. Bxh7+ Kf8 20. Qxb1 a6 21.
b5 Na5 22. Qb4+ Be7 23. Qxa5 axb5 24. Qxb5 Bxa3 25. c5 c6 26. Qd3 Bxc5 27. Bg5
Qd5 28. Bf5 Ra3 29. Qd1 b5 30. Bc1 Ra2 31. Bc2 Qc4 32. Qd3 Rxc2 33. Qxc4 bxc4
34. Nd2 d3 35. g3 Bb4 36. Nf3 d2 37. Bxd2 Bxd2 38. Nd4 Rc1 39. Kg2 Rxf1 40.
Kxf1 c5 41. Nc2 c3 42. Kg2 Ra8 43. h4 Ra2 44. Ne3 Bxe3 45. Kf3 Bxf2 46. h5 Bd4
47. g4 c2 48. Ke4 c1=Q 49. Kd5 Bg1 50. Kc6 c4 51. Kd5 c3 52. Kc4 Qf4+ 53. Kxc3
Rg2 54. Kd3 Qxg4 55. h6 gxh6 56. Kc3 Rg3+ 57. Kd2 Qf4+ 58. Kd1 Re3 59. Kc2 Qd4
60. Kc1 Rc3+ 61. Kb2 Qb4+ 0-1

[Event "Open Vitrolles 2021/2022"]
[Site "Vitrolles"]
[Date "2021.11.27"]
[Round "2.10"]
[White "Rannou, Danielle"]
[Black "Lovato, Enzo"]
[Result "1-0"]
[WhiteElo "1159"]
[BlackElo "1199"]
[PlyCount "171"]

1. e4 c5 2. Nf3 Nc6 3. Bb5 d6 4. Bxc6+ bxc6 5. O-O Nf6 6. d3 g6 7. h3 Bg7 8. c3
Ba6 9. Re1 Qc7 10. Bf4 e5 11. Bh2 Rb8 12. b3 Qa5 13. c4 h6 14. Qd2 Qb4 15. Qxb4
cxb4 16. Nbd2 c5 17. a3 Rb6 18. Ra2 Nd7 19. Rea1 Nb8 20. Ne1 O-O 21. Nc2 Nc6
22. axb4 Bc8 23. b5 Nb4 24. Nxb4 cxb4 25. Rxa7 Be6 26. R1a6 Rxa6 27. Rxa6 Rd8
28. Ra4 h5 29. Rxb4 Bf8 30. Ra4 Bh6 31. Nb1 Bc1 32. Nc3 Bb2 33. Na2 g5 34. Nb4
Rc8 35. Nc6 Kf8 36. f3 Bd7 37. Nb4 Bc3 38. Nd5 Bd4+ 39. Kf1 Be6 40. Nb4 f5 41.
Bg1 Bc3 42. Na6 Bd7 43. Ra2 f4 44. b4 Ra8 45. Rc2 Ba1 46. Bb6 Bc8 47. Nc7 Ra3
48. Ke2 Kf7 49. Ba5 Bd4 50. Nd5 Ra1 51. Bb6 Bxb6 52. Nxb6 Be6 53. c5 Ke7 54. c6
Rb1 55. c7 Bb3 56. Rd2 Be6 57. c8=Q Bxc8 58. Nxc8+ Ke6 59. Rc2 Rxb4 60. b6 Kd7
61. Kd2 Rb5 62. Ke2 Rb4 63. Rc7+ Kd8 64. Rc6 Kd7 65. Na7 Rb2+ 66. Kf1 Rb1+ 67.
Kf2 Rb2+ 68. Kg1 Rb1+ 69. Kh2 Rb3 70. Rc7+ Kd8 71. Nc6+ Ke8 72. b7 Kf8 73.
b8=Q+ Rxb8 74. Nxb8 h4 75. Rd7 Kg8 76. Rxd6 Kf7 77. Rd5 Ke6 78. Nc6 Kf6 79.
Rxe5 Kg6 80. d4 Kf6 81. d5 Kf7 82. d6 Kg6 83. d7 Kf7 84. d8=Q Kg7 85. Qxg5+ Kh7
86. Re7+ 1-0

[Event "Open Vitrolles 2021/2022"]
[Site "Vitrolles"]
[Date "2021.12.04"]
[Round "3.1"]
[White "Boghossian, Lucie"]
[Black "Corrias, Robert"]
[Result "1-0"]
[WhiteElo "1420"]
[BlackElo "1492"]
[PlyCount "159"]

1. e4 c5 2. d4 cxd4 3. c3 d5 4. e5 dxc3 5. Nxc3 e6 6. Nf3 Nc6 7. Nb5 a6 8. Nbd4
Bb4+ 9. Bd2 Bxd2+ 10. Qxd2 Qa5 11. Qxa5 Nxa5 12. Rc1 Bd7 13. Bd3 Ne7 14. O-O
Nac6 15. Rc3 Ng6 16. Re1 Rc8 17. Nxc6 Rxc6 18. Rb3 Rc7 19. g3 Ke7 20. Nd4 Rhc8
21. f4 Rc1 22. Rxc1 Rxc1+ 23. Kf2 Rc7 24. h4 h6 25. h5 Nf8 26. f5 Bc8 27. g4
Nd7 28. Nf3 Nc5 29. Ra3 exf5 30. Bxf5 Bxf5 31. gxf5 Ne4+ 32. Ke3 g6 33. hxg6
fxg6 34. f6+ Ke6 35. Kf4 g5+ 36. Kg4 Rc4 37. Kh5 g4 38. Nh4 g3 39. Rf3 Rc7 40.
Kxh6 Rf7 41. Kg6 d4 42. Ng2 Rd7 43. Nf4+ Kxe5 44. f7 Rd6+ 45. Kg7 Rd7 46. Kg8
Rxf7 47. Nd3+ Ke6 48. Rxf7 Nf6+ 49. Kg7 Nh5+ 50. Kf8 g2 51. Re7+ Kd5 52. Re1
Kc4 53. Ne5+ Kd5 54. Nf3 d3 55. Re5+ Kc4 56. Nd2+ Kd4 57. Re4+ Kd5 58. Rg4 Nf4
59. Kf7 Kd4 60. Kf6 Ke3 61. Kf5 Ne2 62. Rxg2 Kxd2 63. Ke4 Kc2 64. b4 Kc3 65. a3
Nd4 66. Rg3 Nc2 67. Rxd3+ Kb2 68. Kd5 Nxa3 69. Kc5 Nc2 70. Rd6 b5 71. Rxa6 Kc3
72. Kxb5 Nd4+ 73. Ka4 Nb3 74. Rc6+ Kb2 75. b5 Nd4 76. Ka5 Nb3+ 77. Ka6 Ka3 78.
b6 Kb4 79. b7 Ka4 80. b8=Q 1-0

[Event "Open Vitrolles 2021/2022"]
[Site "Vitrolles"]
[Date "2021.12.04"]
[Round "3.2"]
[White "Tiran, Baptiste"]
[Black "Chauvet, Joelle"]
[Result "1-0"]
[WhiteElo "1453"]
[BlackElo "1382"]
[PlyCount "95"]

1. d4 d5 2. c4 Nf6 3. Nc3 e6 4. Nf3 Be7 5. g3 O-O 6. Bg2 c5 7. cxd5 exd5 8.
dxc5 Bxc5 9. O-O Nc6 10. Bg5 Be7 11. Nd4 h6 12. Bf4 Bc5 13. Nb3 d4 14. Nxc5
dxc3 15. Qxd8 Rxd8 16. bxc3 Nd5 17. Bd2 Ne5 18. Rfd1 Nc4 19. Be1 Be6 20. Nxe6
fxe6 21. Rd4 b5 22. Rad1 Rac8 23. e4 e5 24. Rxd5 Rxd5 25. Rxd5 Rc7 26. Bf1 a6
27. Rd8+ Kf7 28. Ra8 Rc6 29. Bd3 Ke7 30. Ra7+ Kf6 31. f4 g5 32. fxg5+ hxg5 33.
Kf2 Rd6 34. Bxc4 bxc4 35. Rc7 Rb6 36. Bd2 Rb2 37. Ke2 Rxa2 38. Rxc4 g4 39. Rc6+
Kf7 40. Kd3 a5 41. c4 a4 42. Ra6 Ra1 43. c5 Ke7 44. c6 Kd6 45. Bb4+ Kc7 46.
Ba5+ Kd6 47. c7+ Kd7 48. Rd6+ 1-0

[Event "Open Vitrolles 2021/2022"]
[Site "Vitrolles"]
[Date "2021.12.04"]
[Round "3.3"]
[White "Guyard, Gerard"]
[Black "Cens, Alain"]
[Result "0-1"]
[WhiteElo "1312"]
[BlackElo "1403"]
[PlyCount "104"]

1. d4 d5 2. c4 e6 3. Nc3 c6 4. e4 dxe4 5. Nxe4 Bb4+ 6. Nc3 Nf6 7. a3 Bd6 8. Nf3
O-O 9. Be2 Nbd7 10. O-O e5 11. d5 cxd5 12. Nxd5 Nxd5 13. Qxd5 Nf6 14. Qd1 b6
15. Ng5 h6 16. Bf3 Rb8 17. Ne4 Nxe4 18. Bxe4 Bb7 19. Qf3 Bxe4 20. Qxe4 Qe7 21.
b4 a5 22. Bd2 axb4 23. axb4 Bxb4 24. Bxb4 Qxb4 25. Rab1 Qe7 26. Rb5 f6 27. Rd1
Rfd8 28. Rbd5 Kf7 29. h4 Rxd5 30. Rxd5 Rd8 31. Rxd8 Qxd8 32. Qb7+ Kf8 33. Qe4
Kf7 34. h5 Qd1+ 35. Kh2 Qxh5+ 36. Kg1 Qd1+ 37. Kh2 Qd4 38. Qb7+ Kg6 39. Qc6 Qc5
40. Qe6 b5 41. Qe8+ Kf5 42. Qxb5 Qxb5 43. cxb5 Ke6 44. Kh3 Kd6 45. Kg4 g6 46.
f4 e4 47. f5 gxf5+ 48. Kf4 h5 49. Ke3 Kc5 50. g3 Kxb5 51. Kf4 Kc4 52. Ke3 Kc3
0-1

[Event "Open Vitrolles 2021/2022"]
[Site "Vitrolles"]
[Date "2021.12.04"]
[Round "3.4"]
[White "Frailinu, Jean-Bernard"]
[Black "Porte, Jacques"]
[Result "1-0"]
[WhiteElo "1398"]
[BlackElo "1228"]
[PlyCount "65"]

1. c4 e5 2. Nf3 Nc6 3. Nc3 Bc5 4. e3 f5 5. Nxe5 Nxe5 6. d4 Bd6 7. dxe5 Bxe5 8.
Qc2 d6 9. Bd3 g6 10. Rb1 Bg7 11. Nd5 c6 12. Nf4 Nf6 13. O-O Bd7 14. Re1 Qc7 15.
e4 O-O-O 16. exf5 gxf5 17. Bxf5 Rhe8 18. Be3 Kb8 19. h3 c5 20. Rbd1 Bc6 21. Ne6
Qe7 22. Nxd8 Rxd8 23. Bxc5 Qc7 24. Bd4 h6 25. Qc3 Nh5 26. Bg4 Bxd4 27. Qxd4 Ng7
28. c5 d5 29. Qe5 Ne8 30. Qxc7+ Nxc7 31. Re7 d4 32. b4 d3 33. Rd2 1-0

[Event "Open Vitrolles 2021/2022"]
[Site "Vitrolles"]
[Date "2021.12.04"]
[Round "3.5"]
[White "Leonti, Denis"]
[Black "Benoit-Lizon, Alain"]
[Result "0-1"]
[WhiteElo "1218"]
[BlackElo "1366"]
[PlyCount "102"]

1. e4 d6 2. d4 Nf6 3. Nc3 Nbd7 4. Be3 e5 5. d5 c6 6. Bd3 cxd5 7. exd5 Nb6 8.
Bb5+ Bd7 9. Bxd7+ Nbxd7 10. Nge2 Be7 11. O-O O-O 12. Ng3 Re8 13. Nce4 Nxe4 14.
Nxe4 f5 15. Nc3 Nf6 16. Bg5 Qa5 17. a3 Rac8 18. b4 Qb6 19. Be3 Qc7 20. Bd2 Qc4
21. Be1 Bd8 22. Qd3 Qxd3 23. cxd3 a6 24. Bd2 Bb6 25. Rac1 Bd4 26. Rc2 Nxd5 27.
Rfc1 Bxc3 28. Bxc3 Rc6 29. Bb2 Rec8 30. Rxc6 Rxc6 31. Rxc6 bxc6 32. d4 exd4 33.
Bxd4 Nf4 34. Kf1 Kf7 35. g3 Ne6 36. Bc3 g6 37. Ke2 d5 38. Ke3 Ke7 39. h4 Kd6
40. Bd4 h6 41. f3 c5 42. bxc5+ Nxc5 43. f4 Ne4 44. Bg7 h5 45. Kd4 Nxg3 46. Bf8+
Ke6 47. Kc5 Ne2 48. Bd6 d4 49. Kc6 d3 50. Bb4 Nxf4 51. Kb6 Nd5+ 0-1

[Event "Open Vitrolles 2021/2022"]
[Site "Vitrolles"]
[Date "2021.12.04"]
[Round "3.6"]
[White "Bouriel, Michel"]
[Black "De Moura Navalho, Joao-Curtis"]
[Result "1-0"]
[WhiteElo "1338"]
[BlackElo "1174"]
[PlyCount "41"]

1. c4 e5 2. Nc3 Nf6 3. Nf3 Nc6 4. g3 Bc5 5. Bg2 O-O 6. O-O d6 7. d3 Re8 8. Nd2
Be6 9. a3 a5 10. Nb3 Bb6 11. Bg5 h6 12. Bxf6 Qxf6 13. Nd5 Bxd5 14. Bxd5 h5 15.
Nd2 e4 16. Nxe4 Qxb2 17. e3 a4 18. Qxh5 g6 19. Qxg6+ Qg7 20. Nf6+ Kh8 21. Qh5+
1-0

[Event "Open Vitrolles 2021/2022"]
[Site "Vitrolles"]
[Date "2021.12.04"]
[Round "3.7"]
[White "Alvarez, Frederic"]
[Black "Lovato, Enzo"]
[Result "1-0"]
[WhiteElo "1199"]
[BlackElo "1199"]
[PlyCount "93"]

1. d4 d5 2. Nf3 Nc6 3. c4 Nf6 4. Nc3 e6 5. Bg5 Be7 6. e3 h6 7. Bh4 O-O 8. a3 a6
9. Qc2 b5 10. cxb5 axb5 11. Nxb5 Bb4+ 12. Ke2 Bd7 13. Qb1 Ba5 14. b4 Bxb4 15.
axb4 Rxa1 16. Qxa1 Nxb4 17. Nc3 Qa8 18. Qxa8 Rxa8 19. Bxf6 gxf6 20. Nd2 e5 21.
f3 exd4 22. exd4 Re8+ 23. Kf2 c6 24. h4 Nc2 25. Ne2 Ra8 26. Nb3 Ra2 27. g4 Bc8
28. Kg3 f5 29. Bh3 Ba6 30. Nec1 Ra4 31. Nc5 Ra1 32. Nxa6 Rxa6 33. Ne2 Ra4 34.
Rd1 Ne3 35. Rc1 Ra2 36. Nf4 Rd2 37. Rxc6 Rxd4 38. Rc8+ Kh7 39. Rc7 Kg8 40. gxf5
Rd2 41. f6 d4 42. Rc8+ Kh7 43. Rf8 Rd1 44. Rxf7+ Kg8 45. Rg7+ Kf8 46. Ng6+ Ke8
47. f7+ 1-0

[Event "Open Vitrolles 2021/2022"]
[Site "Vitrolles"]
[Date "2021.12.04"]
[Round "3.8"]
[White "Schoeni, Christine"]
[Black "Cortes-Sobral, Maria"]
[Result "1/2-1/2"]
[WhiteElo "1199"]
[BlackElo "1199"]
[PlyCount "162"]

1. Nc3 e6 2. e4 Be7 3. d4 Nf6 4. Bg5 h6 5. Bxf6 Bxf6 6. Nf3 Nc6 7. Bb5 O-O 8.
O-O a6 9. Be2 b5 10. e5 Bg5 11. Nxg5 Qxg5 12. Ne4 Qf5 13. Ng3 Qf4 14. c3 Bb7
15. Qd3 Ne7 16. Qe3 Ng6 17. Bh5 Qxe3 18. fxe3 d6 19. Bf3 d5 20. b4 c6 21. Bh5
a5 22. Bxg6 fxg6 23. Rxf8+ Rxf8 24. Rf1 Re8 25. a3 a4 26. Ne2 Bc8 27. Nc1 Bd7
28. Nd3 Re7 29. Nc5 Be8 30. e4 g5 31. exd5 exd5 32. e6 Bh5 33. Re1 Bg6 34. Nd7
Bf5 35. Nc5 Kh7 36. Re5 Kg6 37. h3 h5 38. Nd7 Bxe6 39. Nf8+ Kf6 40. Nh7+ Kf7
41. Nxg5+ Kg6 42. Nxe6 Kf6 43. Nc5 Rf7 44. Nd3 g6 45. g3 Kg7 46. Re6 Rf3 47.
Ne5 Rxg3+ 48. Kh2 Rxc3 49. Rxc6 Rxa3 50. Rc5 Ra2+ 51. Kg3 Ra3+ 52. Nf3 h4+ 53.
Kg4 Re3 54. Nxh4 Re4+ 55. Kg3 g5 56. Nf5+ Kg6 57. Rxd5 a3 58. Nh4+ gxh4+ 59.
Kf3 Re6 60. Rxb5 a2 61. Ra5 Rf6+ 62. Ke2 Re6+ 63. Kd3 Rb6 64. Rxa2 Rxb4 65.
Ra6+ Kf5 66. Ra5+ Kf4 67. d5 Rb3+ 68. Kc4 Rb8 69. Rc5 Kg3 70. d6 Rd8 71. Rd5
Rc8+ 72. Kd4 Kxh3 73. d7 Rd8 74. Ke5 Kg4 75. Ke6 h3 76. Rd4+ Kg3 77. Rd1 Kg2
78. Ke7 Rxd7+ 79. Kxd7 h2 80. Re1 h1=Q 81. Rxh1 Kxh1 1/2-1/2